Bangla sahitye nataker dhara (Record no. 6937)

MARC details
000 -LEADER
fixed length control field 00502cam a2200205ua 4500
001 - CONTROL NUMBER
control field 7822
005 - DATE AND TIME OF LATEST TRANSACTION
control field 20260515114247.0
008 - FIXED-LENGTH DATA ELEMENTS--GENERAL INFORMATION
fixed length control field 141224n ii |||gr||||Z||||||ben
040 ## - CATALOGING SOURCE
Transcribing agency MAIN
041 ## - LANGUAGE CODE
Language code of text/sound track or separate title ben
082 ## - DEWEY DECIMAL CLASSIFICATION NUMBER
Classification number 891.442
100 ## - MAIN ENTRY--PERSONAL NAME
Personal name Sil, B.,
Relator term Author.,
245 1# - TITLE STATEMENT
Title Bangla sahitye nataker dhara
Statement of responsibility, etc. By Boidyanath Sil
250 ## - EDITION STATEMENT
Edition statement 1st.
260 ## - PUBLICATION, DISTRIBUTION, ETC.
Place of publication, distribution, etc. Kolkatta:
Name of publisher, distributor, etc. A.K.,
Date of publication, distribution, etc. 1978.
300 ## - PHYSICAL DESCRIPTION
Extent 500p.
653 ## - INDEX TERM--UNCONTROLLED
Uncontrolled term East Indo-European & Celtic literatures
653 ## - INDEX TERM--UNCONTROLLED
Uncontrolled term Bengali drama
942 ## - ADDED ENTRY ELEMENTS (KOHA)
Koha item type Books
Holdings
Withdrawn status Lost status Damaged status Not for loan Home library Current library Date acquired Total checkouts Full call number Barcode Date last seen Copy number Price effective from Koha item type
        Naharkatiya College Library Naharkatiya College Library 09/19/2020   891.442 | SIL 12324 09/19/2020 1 09/19/2020 Books